书目信息 |
| 题名: |
建筑制图与识图
|
|
| 作者: | 曲玉凤 , 李社生 主编 | |
| 分册: | ||
| 出版信息: | 北京 科学出版社 2015.08 |
|
| 页数: | 188页 | |
| 开本: | 26cm | |
| 丛书名: | 土木工程专业系列规划教材 | |
| 单 册: | ||
| 中图分类: | TU204.21 | |
| 科图分类: | ||
| 主题词: | 建筑制图--jian zhu zhi tu--识图--高等职业教育--教材 | |
| 电子资源: | ||
| ISBN: | 978-7-03-045205-4 | |
| 000 | 01149nam 2200313 450 | |
| 001 | 0100195223 | |
| 005 | 20201116125745.40 | |
| 010 | @a978-7-03-045205-4@dCNY28.00 | |
| 100 | @a20151012d2015 em y0chiy50 ea | |
| 101 | 0 | @achi |
| 102 | @aCN@b110000 | |
| 105 | @aak a 000yy | |
| 106 | @ar | |
| 200 | 1 | @a 建筑制图与识图@Ajian zhu zhi tu yu shi tu@f曲玉凤, 李社生主编@Fqu yu feng , li she sheng zhu bian |
| 205 | @a第2版 | |
| 210 | @a北京@c科学出版社@d2015.08 | |
| 215 | @a188页@c图@d26cm | |
| 225 | 2 | @a土木工程专业系列规划教材@Atu mu gong cheng zhuan ye xi lie gui hua jiao cai |
| 320 | @a有书目 | |
| 330 | @a本书主要内容包括: 制图的基本知识 ; 投影的基本知识 ; 点、直线、平面的投影 ; 基本体的投影 ; 组合体的投影 ; 轴侧投影 ; 立体的截断 ; 泡面图与断面图 ; 建筑施工图 ; 结构施工图。 | |
| 410 | 0 | @12001 @a土木工程专业系列规划教材 |
| 540 | @a建筑制图与识图 | |
| 606 | 0 | @a建筑制图@Ajian zhu zhi tu@x识图@x高等职业教育@j教材 |
| 690 | @aTU204.21@v5 | |
| 701 | 0 | @a曲玉凤@Aqu yu feng@4主编 |
| 701 | 0 | @a李社生@Ali she sheng@4主编 |
| 801 | @aCN | |
| 901 | @a21 | |
| 905 | @a河南城建学院图书馆@b1294067-9@dTU204.21@eQ800=2@f3 | |
| 建筑制图与识图/曲玉凤, 李社生主编.-第2版.-北京:科学出版社,2015.08 |
| 188页:图;26cm.-(土木工程专业系列规划教材) |
| ISBN 978-7-03-045205-4:CNY28.00 |
| 本书主要内容包括: 制图的基本知识 ; 投影的基本知识 ; 点、直线、平面的投影 ; 基本体的投影 ; 组合体的投影 ; 轴侧投影 ; 立体的截断 ; 泡面图与断面图 ; 建筑施工图 ; 结构施工图。 |
| ● |
| 相关链接 |
|
|
|
正题名: 建筑制图与识图
索取号:TU204.21/Q800=2
 
预约/预借
| 序号 | 登录号 | 条形码 | 馆藏地/架位号 | 状态 | 备注 |
| 1 | 1294067 | 212940675 | 建筑库101/101建筑库 39排4列4层/ [索取号:TU204.21/Q800=2] | 在馆 | |
| 2 | 1294068 | 212940682 | 建筑库101/101建筑库 39排4列4层/ [索取号:TU204.21/Q800=2] | 在馆 | |
| 3 | 1294069 | 212940699 | 建筑库101/101建筑库 39排4列4层/ [索取号:TU204.21/Q800=2] | 在馆 |